000 01680nam a22002297a 4500
003 BJBSDDR
005 20260515111350.0
007 ta
008 260515s2003 nyu||||| |||| 00| 0 eng d
020 _a9780066212852
020 _a0066212855
040 _bspa
_cBJBSDDR
041 _aeng
050 _bW759 2003
100 1 _aWinchester, Simon,
_d1944-
_910945
245 1 0 _aKrakatoa :
_bthe Day the World Exploded: August 27, 1883 /
_cSimon Winchester 1796 reseƱas
260 _aNew York :
_bHarperCollins,
_c2003
300 _a416 pages :
_billustrations ;
_c24 cm
520 _aThe legendary annihilation in 1883 of the volcano-island of Krakatoa-the name has since become a byword for a cataclysmic disaster- was followed by an immense tsunami that killed nearly forty thousand people. Beyond the purely thpysical horros of an event that has only very recently been properaly understood, the eruption changed the world in more ways than could possibly be imagined. Dust swirled round the planet for years, causing temperatures to plummet and sunsets to turn vivid with lurid and unsettling displays of light. The effects of the immense waves were felt as far away as France. Barometers in Bogota and Washington, D.C., went haywire. Bodies were washed up in Zanzibar. The sound of the island's destruction was heard in Australia and India and on islands thousands of miles away. Mose significant of all-in view of today's new political climate-the eruption helped to trigger in Java a wave of murderous anti-Western militancy among fundamentalist Muslims: one of the first outbreaks of Islamic-inspired killings anywere. j
942 _2lcc
_n0
_cBK
946 _icmc
999 _c127106
_d127106